<?xml version="1.0" encoding="UTF-8"?>
<collection xmlns="http://www.loc.gov/MARC21/slim">
 <record>
  <leader>04854nam a22004695i 4500</leader>
  <controlfield tag="001">978-3-8348-2095-2</controlfield>
  <controlfield tag="003">DE-He213</controlfield>
  <controlfield tag="005">20210618040051.0</controlfield>
  <controlfield tag="007">cr nn 008mamaa</controlfield>
  <controlfield tag="008">130606s2013    gw |    s    |||| 0|eng d</controlfield>
  <datafield tag="020" ind1=" " ind2=" ">
   <subfield code="a">9783834820952</subfield>
   <subfield code="9">978-3-8348-2095-2</subfield>
  </datafield>
  <datafield tag="024" ind1="7" ind2=" ">
   <subfield code="a">10.1007/978-3-8348-2095-2</subfield>
   <subfield code="2">doi</subfield>
  </datafield>
  <datafield tag="050" ind1=" " ind2="4">
   <subfield code="a">QA76.9.N38</subfield>
  </datafield>
  <datafield tag="072" ind1=" " ind2="7">
   <subfield code="a">UYQL</subfield>
   <subfield code="2">bicssc</subfield>
  </datafield>
  <datafield tag="072" ind1=" " ind2="7">
   <subfield code="a">COM073000</subfield>
   <subfield code="2">bisacsh</subfield>
  </datafield>
  <datafield tag="072" ind1=" " ind2="7">
   <subfield code="a">UYQL</subfield>
   <subfield code="2">thema</subfield>
  </datafield>
  <datafield tag="082" ind1="0" ind2="4">
   <subfield code="a">006.35</subfield>
   <subfield code="2">23</subfield>
  </datafield>
  <datafield tag="100" ind1="1" ind2=" ">
   <subfield code="a">Lisbach, Bertrand.</subfield>
   <subfield code="e">author.</subfield>
   <subfield code="4">aut</subfield>
   <subfield code="4">http://id.loc.gov/vocabulary/relators/aut</subfield>
  </datafield>
  <datafield tag="245" ind1="1" ind2="0">
   <subfield code="a">Linguistic Identity Matching</subfield>
   <subfield code="h">[electronic resource] /</subfield>
   <subfield code="c">by Bertrand Lisbach, Victoria Meyer.</subfield>
  </datafield>
  <datafield tag="250" ind1=" " ind2=" ">
   <subfield code="a">1st ed. 2013.</subfield>
  </datafield>
  <datafield tag="264" ind1=" " ind2="1">
   <subfield code="a">Wiesbaden :</subfield>
   <subfield code="b">Springer Fachmedien Wiesbaden :</subfield>
   <subfield code="b">Imprint: Springer Vieweg,</subfield>
   <subfield code="c">2013.</subfield>
  </datafield>
  <datafield tag="300" ind1=" " ind2=" ">
   <subfield code="a">XVII, 244 p. 8 illus., 4 illus. in color.</subfield>
   <subfield code="b">online resource.</subfield>
  </datafield>
  <datafield tag="336" ind1=" " ind2=" ">
   <subfield code="a">text</subfield>
   <subfield code="b">txt</subfield>
   <subfield code="2">rdacontent</subfield>
  </datafield>
  <datafield tag="337" ind1=" " ind2=" ">
   <subfield code="a">computer</subfield>
   <subfield code="b">c</subfield>
   <subfield code="2">rdamedia</subfield>
  </datafield>
  <datafield tag="338" ind1=" " ind2=" ">
   <subfield code="a">online resource</subfield>
   <subfield code="b">cr</subfield>
   <subfield code="2">rdacarrier</subfield>
  </datafield>
  <datafield tag="347" ind1=" " ind2=" ">
   <subfield code="a">text file</subfield>
   <subfield code="b">PDF</subfield>
   <subfield code="2">rda</subfield>
  </datafield>
  <datafield tag="505" ind1="0" ind2=" ">
   <subfield code="a">Introduction: Paradigm Shift in Identity Matching Theory -- Part I: Introduction to Linguistic Identity Matching -- Chapter 1: Basic Concepts -- Chapter 2: The Application of Identity Matching Techniques -- Chapter 3: Introduction to Proper Names -- Chapter 4: Transcription -- Chapter 5: Derivative Forms of Names -- Chapter 6: Phonetically Similar Names -- Chapter 7: Typos -- Part II: Name Matching Methods -- Chapter 8: Name Matching Methods of the First Generation -- Chapter 9: Second Generation Name Matching Methods -- Chapter 10: Third Generation Name Matching Methods -- Chapter 11: Benchmark Study  -- Part III: Into the New Paradigm -- Chapter 12: Name Matching and Identity Matching -- Chapter 13: Evaluation of Identity Matching Software -- Chapter 14: A Linguistic Search Standard.</subfield>
  </datafield>
  <datafield tag="520" ind1=" " ind2=" ">
   <subfield code="a">Identity matching has become an integral part of many business and security processes, from border control and crime investigation to anti-money laundering and client data management. Following years of struggling with computational techniques, the new linguistic identity matching approach finally offers an appropriate way for such processes to balance the risk of missing an identity match with the costs of overmatching. This new paradigm for searching identity data focuses on understanding the influences that languages, writing systems and cultural conventions have on proper names. In this book, the authors draw on their many years of identity matching experience to explain why linguistic knowledge is the key to improving both the recall and precision of identity search systems, and how organisations can best harness this knowledge to improve the way they work with identity data. Content Part I: Introduction to Linguistic Identity Matching - Basic Concepts - The Application of Identity Matching Techniques - Introduction to Proper Names - Transcription - Derivative Forms of Names - Phonetically Similar Names - Typos - Part II: Name Matching Methods - Name Matching Methods of the First Generation - Second Generation Name Matching Methods - Third Generation Name Matching Methods - Benchmark Study - Part III: Into the New Paradigm - Name Matching and Identity Matching - Evaluation of Identity Matching Software - A Linguistic Search Standard Target Groups Compliance Officers Law Enforcement Anti-Fraud and AML Professionals CIOs Product Managers and Business Analysts Students and Academics of computer science and linguistics Authors Dr Bertrand Lisbach is CEO of the award-winning Linguistic Search Solutions AG and is an expert in linguistic identity matching. He studied psychology, languages &amp; IT and provides consultancy, system evaluations &amp; solution implementation. Victoria Meyer is a forensic accountant and Director of SIBAcademy. A former Forensic Technology Director for one of the Big 4 consultancy firms, she has over two decades of experience in the use of identity matching techniques for fraud investigation and AML purposes.</subfield>
  </datafield>
  <datafield tag="650" ind1=" " ind2="0">
   <subfield code="a">Natural language processing (Computer science).</subfield>
  </datafield>
  <datafield tag="650" ind1=" " ind2="0">
   <subfield code="a">Application software.</subfield>
  </datafield>
  <datafield tag="650" ind1="1" ind2="4">
   <subfield code="a">Natural Language Processing (NLP).</subfield>
   <subfield code="0">https://scigraph.springernature.com/ontologies/product-market-codes/I21040</subfield>
  </datafield>
  <datafield tag="650" ind1="2" ind2="4">
   <subfield code="a">Information Systems Applications (incl. Internet).</subfield>
   <subfield code="0">https://scigraph.springernature.com/ontologies/product-market-codes/I18040</subfield>
  </datafield>
  <datafield tag="700" ind1="1" ind2=" ">
   <subfield code="a">Meyer, Victoria.</subfield>
   <subfield code="e">author.</subfield>
   <subfield code="4">aut</subfield>
   <subfield code="4">http://id.loc.gov/vocabulary/relators/aut</subfield>
  </datafield>
  <datafield tag="710" ind1="2" ind2=" ">
   <subfield code="a">SpringerLink (Online service)</subfield>
  </datafield>
  <datafield tag="773" ind1="0" ind2=" ">
   <subfield code="t">Springer Nature eBook</subfield>
  </datafield>
  <datafield tag="776" ind1="0" ind2="8">
   <subfield code="i">Printed edition:</subfield>
   <subfield code="z">9783658022280</subfield>
  </datafield>
  <datafield tag="776" ind1="0" ind2="8">
   <subfield code="i">Printed edition:</subfield>
   <subfield code="z">9783834813701</subfield>
  </datafield>
  <datafield tag="856" ind1="4" ind2="0">
   <subfield code="u">https://doi.org/10.1007/978-3-8348-2095-2</subfield>
  </datafield>
  <datafield tag="912" ind1=" " ind2=" ">
   <subfield code="a">ZDB-2-SCS</subfield>
  </datafield>
  <datafield tag="912" ind1=" " ind2=" ">
   <subfield code="a">ZDB-2-SXCS</subfield>
  </datafield>
  <datafield tag="950" ind1=" " ind2=" ">
   <subfield code="a">Computer Science (SpringerNature-11645)</subfield>
  </datafield>
  <datafield tag="950" ind1=" " ind2=" ">
   <subfield code="a">Computer Science (R0) (SpringerNature-43710)</subfield>
  </datafield>
 </record>
</collection>
